[Event "HUN-GER m"]
[Site "Budapest"]
[Date "2004.09.19"]
[Round "4"]
[White "Gustafsson, Jan"]
[Black "Horvath, Csaba"]
[Result "1-0"]
[WhiteElo "2611"]
[BlackElo "2546"]
[Annotator "Huzman,A"]
[PlyCount "55"]
[EventDate "2004.09.16"]
[EventType "team"]
[EventRounds "6"]
[EventCountry "HUN"]
[SourceTitle "CBM 104"]
[Source "ChessBase"]
[SourceDate "2005.01.27"]
[SourceVersion "1"]
[SourceVersionDate "2005.01.27"]
[SourceQuality "1"]
[WhiteTeam "Germany"]
[BlackTeam "Hungary"]
[WhiteTeamCountry "GER"]
[BlackTeamCountry "HUN"]

1. Nf3 d5 2. d4 Nf6 3. c4 dxc4 4. e3 e6 5. Bxc4 c5 6. Qe2 a6 7. dxc5 Bxc5 8.
O-O b5 9. Bd3 Nc6 10. Nbd2 Bb7 11. a3 Bd6 (11... Qb8 12. a4 bxa4 13. Rxa4 Nb4
14. Bc4 O-O 15. h3 Bc6 16. Ra5 Qb6 17. Nb3 Be7 18. Bd2 Bd5 19. Nfd4 Bxc4 20.
Qxc4 Rfc8 21. Qe2 Ne4 $15 {0-1 Gaprindashvili,V-Jobava,B/Izmir 2002/CBM 90 ext
(58)}) (11... O-O 12. b4 Bd6 13. Bb2 e5 14. Ne4 Nxe4 15. Bxe4 Qe7 16. Rac1 Rac8
17. Qd3 h6 18. Bd5 $16 {1-0 Cramling,P-Barcelo,P/Sanxenxo ESP 2003/(36)}) 12.
Rd1 (12. Nb3 O-O 13. Rd1 Qb8 (13... Qe7 14. Bd2 Rfd8 15. h3 h6 16. Rac1 Rac8
17. Bb1 Ba8 18. Be1 g6 19. Bd2 Ne5 $11 {1/2-1/2 Cramling,P-Turner,M/France
2000/EXT 2001 (27)}) 14. h3 Rc8 15. e4 Ne5 16. Nxe5 Bxe5 17. Na5 Nd7 18. Be3
Nc5 19. Rac1 Nxd3 20. Rxc8+ Qxc8 21. Qxd3 Bc7 22. Rc1 $14 {1-0 Hillarp Persson,
T-Egin,V/Elista 1998/CBM 66 ext (54)}) 12... Qc7 13. Ne4 {This is the typical
idea of great player A.Rubinstein.} Nxe4 14. Bxe4 f5 (14... Rd8 15. Bd2 f5 16.
Bxc6+ Bxc6 17. Rac1 Qb6 18. Bc3 Bxf3 19. Qxf3 O-O 20. Bxg7 $16 {1-0 Hjelm,
N-Tiitta,S/Helsinki 2002/CBM 89 ext (61)}) 15. Bb1 O-O (15... Ne5 16. Nd4 Kf7
17. e4 $40 {1-0 Novoselski,Z-Mikhalchishin,A/Cetinje 1992/EXT 97 (32)}) (15...
Na5 $5 16. Ba2 $140 (16. Nd4 Bxh2+ 17. Kh1 Be5 $1 $17) 16... Nc4 17. b3 $1 Nxa3
(17... Nb6 18. Bb2 O-O 19. Rac1 Qe7 20. b4 $36) 18. Bxa3 Bxa3 19. b4 $1 Bxb4
20. Bxe6 $40) 16. Ba2 Rae8 (16... Qe7 17. b4 Rf6 18. e4 fxe4 19. Ng5 Rh6 20. f4
$16 {1-0 Werner,D-Ray,C/Cappelle la Grande 1991/TD (29)}) (16... Rf6 17. Ng5 $1
Bxh2+ (17... Re8 18. Qh5 g6 19. Qxh7+ Qxh7 20. Nxh7 Bxh2+ 21. Kxh2 Kxh7 22. b4
$16) 18. Kf1 Qe7 19. e4 $1 Ne5 20. Nxh7 (20. exf5 Nc4 21. Bxc4 bxc4 22. fxe6
Raf8 $44) 20... Kxh7 21. Qh5+ Kg8 22. Qxh2 $16 {[%cal Gc1g5,Gg5e7,Gh2e5]}) 17.
Ng5 (17. b4 Ne5 $1) 17... Nd8 $6 {This move is very passive.Black need their
knight on c6 to push e5.} (17... Bc8 $1 18. f4 (18. Qh5 h6 19. Nf3 Rd8 20. Bd2
Qf7 21. Qh4 Bb7 $11) 18... h6 19. Nf3 Kh8 $11 {[%cal Ye6e5]}) 18. f4 h6 19. Nf3
Kh8 20. Bd2 Qe7 (20... e5 21. fxe5 Bxe5 22. Nxe5 Qxe5 23. Bb4 $1 $16) 21. Bc3
Nc6 22. Nh4 $1 Qxh4 (22... Kh7 23. Qh5 $18) 23. Rxd6 $18 {[%mdl 36]} e5 24. Qf2
$1 (24. Bd5 $1 Rf6 25. Rd7 Bc8 26. Rc7 Ne7 27. Be1 $18) 24... Qe7 (24... Qxf2+
25. Kxf2 Re7 (25... Kh7 26. Bd5 Rf6 27. Rd7 Bc8 28. Rc7 $18) 26. Bd5 Rf6 27.
fxe5 Rxd6 28. exd6 Rd7 29. Be6 Rxd6 30. Bxf5 $18) 25. Rad1 Ba8 (25... Rd8 26.
fxe5 $18) 26. Qg3 $1 {[%mdl 32]} Nd4 27. R1xd4 exd4 28. Bxd4 {[%cal Gd6h6]} 1-0

[Event "EU-Cup 18th"]
[Site "Kallithea"]
[Date "2002.09.24"]
[Round "3.3"]
[White "Gustafsson, Jan"]
[Black "Filipek, Jakub"]
[Result "1-0"]
[WhiteElo "2542"]
[BlackElo "2373"]
[Annotator "Huzman,A"]
[PlyCount "85"]
[EventDate "2002.09.22"]
[EventType "team-swiss"]
[EventRounds "7"]
[EventCountry "GRE"]
[SourceTitle "CBM 092"]
[Source "ChessBase"]
[SourceDate "2003.02.06"]
[SourceVersion "1"]
[SourceVersionDate "2003.02.06"]
[SourceQuality "1"]
[WhiteTeam "Hohenems"]
[BlackTeam "Temse"]
[WhiteTeamCountry "AUT"]
[BlackTeamCountry "BEL"]

1. d4 d5 2. c4 dxc4 3. Nf3 Nf6 4. e3 a6 5. Bxc4 b5 6. Bd3 Bb7 7. O-O e6 8. Qe2
Be7 9. Rd1 Nbd7 10. a4 c6 (10... b4 11. b3 (11. Nbd2 c5 12. Nc4 cxd4 13. exd4
O-O 14. Bg5 a5 15. Nce5 Nb6 16. h4 Nbd5 $11 {0-1 Henderikse,B-Lammens,T/
Vlissingen 2000/CBM 77 ext (27)}) 11... c5 12. dxc5 Qc7 13. Bb2 Nxc5 14. Be5
Qc6 15. Bc4 O-O 16. Nbd2 Rfd8 17. Rac1 Nfd7 18. Bd4 Rac8 19. e4 Qc7 20. Qe3 Nf6
21. h3 Qb8 $11 {1/2-1/2 Arduman/Atakisi,C-Gillen/Taylor/ICCF Email 2000 (28)})
11. e4 (11. Bd2 O-O 12. Rc1 Qb8 13. Na3 e5 14. dxe5 Nxe5 15. Nxe5 Qxe5 16. Bc3
Qg5 17. Nc2 Rad8 18. f4 Qh6 19. Nd4 g6 20. Nf3 Nd5 21. Bd4 Rfe8 $132 {0-1
Ristovic,N-Fullbrook,N/CAN 1997/EXT 2001 (41)}) 11... Qc7 $6 (11... O-O $142)
12. Bg5 $1 h6 (12... O-O 13. e5 Nd5 14. Qe4 g6 15. Bxe7 Nxe7 16. Qh4 $40) 13.
Bh4 Nh5 (13... O-O 14. e5 Nd5 15. Qe4 g6 16. Bxe7 Nxe7 17. Qh4 $18) 14. Bxe7
Nf4 15. Qe3 Kxe7 16. Bf1 $16 {[%csl Rb7,Re7]} Rhd8 17. Nc3 b4 18. Na2 a5 19.
Nc1 {[%csl Rc6][%cal Gc1b3]} g5 $2 (19... c5 20. d5 $18) (19... Kf8 20. Nb3 Ng6
21. Rac1 $16) 20. Nb3 Nf6 21. Ne5 $1 {[%csl Rf4][%cal Gg2g3]} Nd7 22. Nxd7 Rxd7
23. Rac1 $18 Qb6 24. d5 $5 (24. Nc5 Rd6 25. g3 $18 {[%cal Gf1g2,Ge4e5,Gg2a8]})
24... Qxe3 25. fxe3 Ng6 26. Nc5 cxd5 27. Nxd7 Kxd7 28. exd5 exd5 29. Bb5+ Kd6
30. Rf1 $1 Ne5 31. Rf6+ Ke7 32. Rxh6 {[%cal Gc1c7]} Rc8 33. Rxc8 Bxc8 34. Rh8
Be6 35. Kf2 Kd6 36. Ra8 Nc4 37. Bxc4 dxc4 38. Ke2 Bd5 39. Rxa5 Bxg2 40. Rxg5
Be4 41. Kd2 f5 42. Rg8 Bd5 43. Rb8 1-0

[Event "FRA-chT Gp-B"]
[Site "France"]
[Date "2003.04.04"]
[Round "5.1"]
[White "Schlosser, Philipp"]
[Black "Tkachiev, Vladislav"]
[Result "1/2-1/2"]
[WhiteElo "2534"]
[BlackElo "2642"]
[Annotator "Huzman,A"]
[PlyCount "43"]
[EventDate "2003.01.31"]
[EventType "team"]
[EventRounds "7"]
[EventCountry "FRA"]
[SourceTitle "CBM 095"]
[Source "ChessBase"]
[SourceDate "2003.07.25"]
[SourceVersion "1"]
[SourceVersionDate "2003.07.25"]
[SourceQuality "1"]
[WhiteTeam "Bischwiller"]
[BlackTeam "Cannes"]
[WhiteTeamCountry "FRA"]
[BlackTeamCountry "FRA"]

1. Nf3 d5 2. d4 e6 3. c4 dxc4 4. e3 a6 5. Bxc4 c5 6. O-O Nf6 7. dxc5 Bxc5 8.
Qe2 b5 9. Bd3 Nc6 10. Nbd2 Bb7 11. a4 bxa4 12. Ne4 (12. Rxa4 Nb4 13. Bc4 Nfd5 (
13... O-O 14. Nb3 Bd6 15. Bd2 a5 16. Rfa1 Bc7 17. Nfd4 Nfd5 18. Qg4 Nb6 19.
Rxa5 Nxc4 20. Rxa8 Bxa8 21. Bxb4 Bxh2+ 22. Kxh2 Qb8+ 23. Qg3 Qxb4 $17 {0-1
Mikhalevski,A-Har Zvi,R/Israel 1999/EXT 2000 (31)}) 14. Nb3 Qe7 15. Nxc5 Qxc5
16. Bd2 a5 17. Rc1 Bc6 18. Ra3 O-O 19. e4 Nf6 20. Bd5 Qb6 21. Bxb4 axb4 22.
Rxc6 Qb7 23. Rxa8 Rxa8 24. Rxe6 Nxd5 25. Rd6 $16 {1/2-1/2 Levin,F-Ashley,M/
Budapest 1997/CBM 61 ext (54)}) 12... Nxe4 (12... Nd7 13. Rxa4 Be7 14. Nd4 Nb4
15. Bb1 Nb6 16. Ra1 Qd5 17. f4 O-O 18. Bd2 a5 19. Nc3 Qd7 20. Qb5 Qxb5 21.
Ncxb5 Nc4 $15 {1/2-1/2 Kachiani Gersinska,K-Ibragimov,I/Bad Wiessee 1999/EXT
2001 (36)}) 13. Bxe4 Qe7 (13... O-O $2 14. Qc2 $16 {[%cal Gc2h7,Gc2c5]}) 14.
Rxa4 Nb4 (14... O-O 15. Bd2 Rfc8 16. Rfa1 Nb4 17. Bxb7 Qxb7 18. Bc3 $14) 15.
Bxb7 Qxb7 16. Bd2 Nd5 (16... O-O $2 17. Qc4 $18) 17. b4 (17. e4 $1 Nb6 (17...
Nf6 18. Rc1 Be7 19. Rac4 $16) (17... Nc7 18. Rc1 Bb6 19. Bb4 $16) 18. Ra5 Nd7
19. Bc3 O-O 20. Rfa1 Bb6 $14) 17... Be7 18. b5 (18. e4 Nc7 19. Bf4 O-O 20. Rc1
Nb5 $11) 18... Nc7 $11 19. bxa6 Rxa6 20. Rc4 Ra8 21. Rfc1 Na6 22. h3 1/2-1/2

[Event "Linares Anibal op 04th"]
[Site "Linares"]
[Date "1997.??.??"]
[Round "4"]
[White "Izeta Txabarri, Felix"]
[Black "Ibragimov, Ildar"]
[Result "0-1"]
[WhiteElo "2490"]
[BlackElo "2555"]
[Annotator "Huzman,A"]
[PlyCount "70"]
[EventDate "1997.02.??"]
[EventType "swiss"]
[EventRounds "10"]
[EventCountry "ESP"]
[SourceTitle "CBM 058"]
[Source "ChessBase"]
[SourceDate "1997.06.01"]
[SourceVersion "1"]
[SourceVersionDate "1997.06.01"]
[SourceQuality "1"]

1. d4 d5 2. c4 dxc4 3. Nf3 e6 4. e3 c5 5. Bxc4 a6 6. Qe2 Nf6 7. dxc5 Bxc5 8.
O-O b5 9. Bd3 Nc6 10. Nc3 Bb7 11. e4 Nd4 12. Nxd4 Bxd4 13. Bg5 (13. Be3 $142
Bxc3 (13... b4 14. Na4 {xc5} (14. Nd5 $2 Nxd5 15. Bxd4 Nf4 $17)) 14. bxc3 Bxe4
15. Bxe4 Nxe4 16. Bd4 $44) 13... Qb6 (13... b4 $5 14. Nd5 (14. Nd1 O-O 15. Ne3
Qa5 16. Bxf6 {1/2-1/2 Gleizerov,E-Rublevsky,S/Cheliabinsk 1993}) 14... exd5 15.
e5 Kf8 (15... Qe7 16. Rfe1 Kf8 17. exf6 Qxe2 18. Rxe2 Bxf6 19. Bxf6 gxf6 20. a3
{0-1 Bellon Lopez,J-Yakovich,Y/Sevilla op 1994 (66)} (20. Rc1 $5 $44 {Huzman}))
16. exf6 Bxf6 17. Bxf6 Qxf6 18. Rac1 Qd6 19. Rc2 h5 20. Rfc1 Re8 21. Qf3 Re7
22. h4 g6 $17 {0-1 Izeta,F-Kharlov,A/II Open, Ubeda ESP 1997 (40)}) 14. Rac1
Nd7 15. Rfd1 O-O 16. Bb1 f6 17. Bh4 Ne5 18. Kh1 Rfd8 $17 {Due to domination of
black piecec in the centre the black have clear advantage.By the next move the
white go to further positional concessions,weakening the square e3 and giving
the black oppotunity to throw the white knight to the edge of the board.} 19.
f4 $6 (19. a3) 19... Ng6 20. Bg3 b4 $1 21. Na4 Qb5 22. Qc2 (22. Qc4 Be3 (22...
Qxc4 23. Rxc4 Be3) 23. Qxe6+ Kh8 $19) 22... Be3 $1 23. Rxd8+ Rxd8 24. Re1 Nxf4
$19 25. h3 Bd2 $1 (25... Rd2 26. Qb3) 26. Rd1 (26. Qd1 b3 $5 (26... Rd7 $19)
27. Bxf4 Ba5 $19) 26... Qe2 27. Rg1 Rc8 28. Nc5 (28. Qd1 Rc1 29. Qxe2 Rxg1+ 30.
Kxg1 Nxe2+ 31. Kf2 Nxg3 32. Kxg3 Be3 $19 {[%csl Ra4]}) 28... Be3 29. Re1 Qxc2
30. Bxc2 Rxc5 31. Rxe3 Rxc2 32. Bxf4 Rxb2 33. Rb3 Rxb3 34. axb3 Bxe4 35. Bd6
Bd5 0-1

[Event "Noyabrsk Fakel Jamala"]
[Site "Noyabrsk"]
[Date "2003.11.24"]
[Round "7"]
[White "Yakovich, Yuri"]
[Black "Reutsky, Sergei"]
[Result "1-0"]
[WhiteElo "2573"]
[BlackElo "2341"]
[Annotator "Huzman,A"]
[PlyCount "57"]
[EventDate "2003.11.18"]
[EventType "tourn"]
[EventRounds "11"]
[EventCountry "RUS"]
[EventCategory "10"]
[SourceTitle "CBM 099"]
[Source "ChessBase"]
[SourceDate "2004.03.30"]
[SourceVersion "1"]
[SourceVersionDate "2004.03.30"]
[SourceQuality "1"]

1. d4 d5 2. c4 dxc4 3. Nf3 Nf6 4. e3 e6 5. Bxc4 c5 6. Qe2 a6 7. dxc5 Bxc5 8.
O-O b5 9. Bd3 Nc6 10. Nbd2 O-O 11. Nb3 Bb6 (11... Bd6 12. Rd1 (12. e4 Ng4 (
12... Qc7 {[%cal Yf6g4,Yg4e5]} 13. h3 Bb7 14. Bg5 Rac8 $1 15. Rac1 {[%cal
Gb3c5]} Qb8 16. Rfd1 Ne5 $6 (16... Nd7 $5 17. Bb1 Nce5 $11) 17. Nxe5 Bxe5 18.
Nc5 $14 {1/2-1/2 Ivanchuk,V-Anand,V/Prague 2002/CBM 89/[Huzman] (34)}) 13. Bg5
f6 14. Bh4 Nce5 15. Nxe5 Nxe5 16. Rfd1 Qe7 17. Bg3 Rd8 18. Nd4 Bb7 19. Bc2 Nc4
20. Bb3 {1/2-1/2 Shipov,S-Karjakin,S/Moscow 2002/CBM 88 (20)}) 12... Bb7 13.
Bd2 Qe7 14. h3 Rfd8 15. Na5 Nxa5 16. Bxa5 Bc7 17. Bxc7 Qxc7 18. Rac1 Qe7 {
1/2-1/2 Umanskaya,I-Makarov,M/Berlin 1996/CBM 54 ext (18)}) 12. Rd1 (12. e4 e5
13. Be3 Bg4 14. Rfd1 Bxe3 15. Qxe3 $11 {0-1 Sloth,J-Enevoldsen,J/Copenhagen
1965/EXT 99 (55)}) 12... Qe7 13. a4 bxa4 14. Rxa4 Nb4 15. Bc4 a5 16. Bd2 Bb7
17. Bc3 (17. Rda1 Nc2 18. Rc1 Nb4 19. Be1 Rfc8 20. h3 Ne4 21. Rca1 Nc5 $15 {
0-1 Potapov,A-Reutsky,S/Noyabrsk RUS 2003/(40)}) 17... Rfc8 (17... Ne4 $5 18.
Bd4 Bc7 $1 19. Ne5 Nc6 $11) 18. Rda1 {[%csl Ra5]} Qc7 (18... Bc6 19. Bb5) (
18... Ne4 19. Nxa5 Nxc3 20. bxc3 Nc2 21. Qxc2 Bxf3 22. Bf1 $14) 19. Bb5 Ng4 $2
(19... Ne4 $1 20. Bxb4 (20. Be5 Qc2 21. Bd4 Bc7 $1) (20. Bd4 Bd5 $15) 20...
axb4 21. Qe1 Qe7 $11) 20. h3 Bxf3 $2 (20... Nf6 $142 $14) 21. Qxf3 Qh2+ 22. Kf1
Ne5 23. Qf4 $1 $16 Qxf4 24. exf4 Ned3 $2 (24... Nec6 $142 25. Nxa5 (25. Bxc6 $5
Nxc6 26. Nxa5 Nxa5 27. Bxa5 Rxa5 28. Rxa5 Bxa5 29. Rxa5 g6 $16) 25... Rxa5 26.
Bxc6 Rxa4 27. Bxa4 Nd3 28. f5 exf5 29. Bd7 Rd8 30. Bxf5 Nxf2 31. Ra6 $16) 25.
Nxa5 Nc2 26. Nc6 $1 $18 Nxa1 27. Ne7+ Kf8 28. Nxc8 Rxa4 (28... Rxc8 29. Bxd3
Nb3 30. Bxh7 g6 31. Rb4 $18) 29. Bxa4 $18 {[%csl Ra1]} 1-0

[Event "Griesheim Testa GM"]
[Site "Griesheim"]
[Date "2004.01.27"]
[Round "8"]
[White "Bunzmann, Dimitrij"]
[Black "Grabarczyk, Bogdan"]
[Result "1/2-1/2"]
[WhiteElo "2542"]
[BlackElo "2402"]
[Annotator "Huzman,A"]
[PlyCount "83"]
[EventDate "2004.01.20"]
[EventType "tourn"]
[EventRounds "9"]
[EventCountry "GER"]
[EventCategory "10"]
[SourceTitle "CBM 099"]
[Source "ChessBase"]
[SourceDate "2004.03.30"]
[SourceVersion "1"]
[SourceVersionDate "2004.03.30"]
[SourceQuality "1"]

1. d4 d5 2. c4 dxc4 3. e3 Nf6 4. Bxc4 a6 5. Nf3 b5 6. Bd3 Bb7 7. O-O e6 8. a4
b4 9. Nbd2 c5 10. e4 cxd4 11. e5 Nd5 12. Nc4 Nc6 (12... Be7 13. Nxd4 O-O 14.
Qg4 Kh8 15. Qh3 g6 16. Bh6 Re8 17. Rad1 Nd7 18. a5 Rc8 19. Rfe1 Nc5 20. Bf1 Rc7
21. Nf3 Rd7 22. Qg4 $1 $36 {1-0 Ionov,S-Feoktistov,A/St Petersburg 1999/CBM 74/
[Huzman] (60)}) (12... h6 13. Nxd4 Nd7 14. Nxe6 fxe6 15. Qh5+ Ke7 16. Bg6 Nc5
17. Nd6 Qc7 18. Be3 Nb3 19. Bc2 $18 {1-0 Selin,O-Slavina,I/Tula 2002/CBM 87
ext (43)}) 13. Bg5 Qd7 14. Be4 {/\15.Bd5 Qd5 16.Nb6+/-} (14. Re1 h6 15. Bh4 g5
16. Bg3 O-O-O 17. Nfd2 {'?!' Sturua,Z.} (17. Rc1 $5) 17... Kb8 18. Ne4 Nf4 19.
Rc1 Qc7 $1 $13 {1-0 Sturua,Z-Adianto,U/Biel 1998/EXT 99 (31)}) 14... h6 15. Bh4
Bc5 16. Ne1 $1 O-O 17. Nd3 Be7 18. Bg3 $1 $44 {[%mdl 32] White has to avoid
exchanges as it is better to exploit the space advantage with bigger quantity
of pieces.} (18. Qh5 Rad8 (18... f5 19. Bxe7 Ncxe7 20. Bf3 $44) 19. Bxe7 Qxe7
20. Nd6 Nxe5 $1 21. Nxb7 Nxd3 22. Nxd8 N3f4 23. Qf3 Rxd8 $44) 18... Rad8 19.
Nd6 {[%cal Gd3c5]} Bxd6 20. exd6 Nf6 21. Nc5 Qc8 22. Bf3 (22. Bxc6 Qxc6 23.
Nxb7 Qxb7 24. Qxd4 Nd5 $11) (22. d7 $5 Rxd7 (22... Nxd7 $2 23. Nxb7 Qxb7 24.
Rc1 Rc8 25. Qf3 $18) (22... Qa8 23. Bf3 e5 (23... Nxd7 24. Nxb7 Qxb7 25. Rc1
Rc8 26. Qc2 $14) 24. Nxb7 Qxb7 25. Bxe5 Qxd7 26. Bxf6 gxf6) 23. Nxd7 Qxd7 $44 {
/=/+}) 22... Ba8 23. Nd3 e5 (23... Na5 $5 24. Nxb4 (24. Rc1 Bxf3 25. Qxf3 Qb7
26. Qxb7 Nxb7 27. Nxb4 Nxd6 $13) 24... Qc4 25. Nd3 Bxf3 26. Qxf3 Nb3 27. Rad1
Qxa4 28. Bh4 Qb5 29. Bxf6 gxf6 30. Qxf6 Qg5 31. Qe7 Rfe8 32. Qb7 $11) 24. Nxe5
(24. Re1 Rxd6 25. Nxe5 Nxe5 26. Bxe5 Bxf3 27. Qxf3 Re6 28. Bxd4 Rfe8 29. Rxe6
Qxe6 $11) 24... Nxe5 25. Bxe5 $1 (25. Bxa8 Qc5 $1 26. Re1 Rfe8 27. Rc1 Qxd6 28.
Rc6 Qb8 29. Rxa6 Qc8 30. Rb6 Qxa8 $1 (30... Nd3 31. Rxe8+ Rxe8 32. Rb8 Nxb2 $1
33. Rxc8 Nxd1 34. Rxe8+ Nxe8 35. Be4 $44 {[%cal Ga4a8]}) 31. Rxe5 Rxe5 32. Bxe5
Nd7 33. Rb5 Nxe5 34. Rxe5 d3 $17) 25... Qf5 $1 26. Qxd4 Bxf3 27. gxf3 Qxf3 (
27... Nh7 $5 28. Qf4 Qh5 29. Qg3 Ng5 30. Kg2 $16) 28. Rfd1 (28. Rae1 Qg4+ 29.
Qxg4 Nxg4 30. Bg3 f5 $1 31. f3 f4 $1 32. Bh4 Ne3 (32... Nf6 33. Re6 g5 34. Bf2
$14) 33. Bxd8 Rxd8 34. Rf2 Rxd6 $44) 28... Ne4 29. Rd3 (29. d7 Ng5 30. Bg3 f5
$1 $17) (29. Bg3 $142 Rfe8 $11) 29... Qf5 30. Re1 Ng5 (30... Nxf2 $1 31. Rd2
Nh3+ 32. Kg2 Ng5 33. Re3 $44) 31. Kg2 (31. Bxg7 Qg6 32. Bxf8 Nf3+ 33. Kh1 Nxd4
34. Rg1 Nf5 $1 35. Be7 Rd7 $11) 31... Rfe8 32. Ree3 f6 33. Qd5+ Kf8 34. Bg3
Qxd5+ 35. Rxd5 Rxe3 36. fxe3 Ne4 $11 37. Be1 (37. Bf4 Kf7 38. Kf3 Ng5+ $11)
37... b3 38. Bb4 Kf7 39. Kf3 Ng5+ 40. Kf4 Ke6 $15 41. Rd4 Nf7 42. Ba3 (42. Ba3
g5+ 43. Kf3 Nxd6 44. Rd3 Nf7 45. Rxb3 Ne5+ $15 {/-/+}) 1/2-1/2

[Event "Corus-C"]
[Site "Wijk aan Zee"]
[Date "2004.01.11"]
[Round "2"]
[White "Ernst, Sipke"]
[Black "Popov, Valerij"]
[Result "1-0"]
[WhiteElo "2474"]
[BlackElo "2580"]
[Annotator "Huzman,A"]
[PlyCount "76"]
[EventDate "2004.01.10"]
[EventType "tourn"]
[EventRounds "13"]
[EventCountry "NED"]
[EventCategory "9"]
[SourceTitle "CBM 099"]
[Source "ChessBase"]
[SourceDate "2004.03.30"]
[SourceVersion "1"]
[SourceVersionDate "2004.03.30"]
[SourceQuality "1"]

1. d4 d5 2. c4 e6 3. Nf3 Nf6 4. e3 a6 5. Nc3 dxc4 6. Bxc4 b5 7. Bb3 Bb7 8. a4
b4 9. Ne2 c5 10. Nf4 {A similar position arises in the Meran variation of the
Slav defence (D47) when White chooses the move 8.Bb3. Premature development
Bc8 to b7 weakens the square e6 and gives White tactical possibilities
connected with N-s sacrifices on e6 and f7.} cxd4 $6 (10... Nbd7 11. Ng5 $1 {
[%cal Gg5e6,Gf4e6,Gb3e6]}) 11. Ne5 $1 Nbd7 (11... Qc7 12. exd4 Bd6 13. Qe2 $36)
12. Nxf7 $1 {[%mdl 512]} Kxf7 13. Nxe6 $40 Qb6 $2 (13... Qc8 14. Nf4+ Ke8 15.
exd4 $40) (13... Qb8 14. Nf4+ Ke8 15. exd4 g5 16. Nh5 (16. Qe2+ Be7 17. Ne6
Bxg2 18. Rg1 Qxh2) 16... Bxg2 17. Bxg5 $1 $40) 14. a5 Qxe6 $2 (14... Qd6 $142
15. Nd8+ Ke8 16. Nxb7 (16. Nf7 Qc7 17. Nxh8 Bxg2 18. Rg1 Qxh2 $13) 16... Qc6
17. exd4 Qxb7 18. O-O $44) (14... Qa7 15. Nf4+ Ke8 16. exd4 $40) 15. Bxe6+ Kxe6
16. O-O dxe3 17. Bxe3 Rc8 (17... Bd5 18. Re1 Kf7 19. Qe2 $16 {[%cal Ga1d1]})
18. Qe2 Kf7 19. Rac1 Be7 20. Bd4 Rhe8 (20... Bd6 $5 21. Rxc8 Rxc8 22. Rd1 $36)
21. Rxc8 $1 Rxc8 22. Re1 Bc5 (22... Re8 23. Qc4+ Kf8 24. f3 Rc8 25. Qe6 Re8 26.
Rc1 $16) 23. Bxc5 Rxc5 24. Qd2 Rxa5 (24... Nd5 $1 25. Qe2 N5f6 26. f4 $1 h5 (
26... Rxa5 27. Qe7+ Kg6 28. g4 $40) 27. Qe6+ Kg6 28. Rd1 Bc6 29. h3 Kh7 30. Rd4
$16) 25. Qxb4 Rb5 26. Qd6 $16 Kg6 (26... Rd5 27. Qe7+ Kg6 28. f3 $16) 27. Re7
Rd5 28. Qg3+ Kh5 29. Qf3+ Kh6 30. h4 $18 Re5 31. Qf4+ (31. Qg3 Nh5 32. Qg4 Ndf6
33. Qb4 Rxe7 34. Qxe7 Bd5 35. Qe5 g6 36. g4 $18) 31... g5 32. hxg5+ Rxg5 33. f3
Kg6 34. Qd6 (34. Qe3 $1 Rd5 35. Qb3 Ba8 36. Qc2+ Kg5 37. Qc8 $18) 34... Rd5 (
34... Bxf3 $1 35. Rxd7 Rxg2+ 36. Kf1 Rxb2 $16) 35. Qc7 Ba8 (35... Rb5 $142 36.
Rxd7 Nxd7 37. Qxd7 $18) 36. Qc8 Nb6 37. Qc2+ (37. Qf8 $1 $18) 37... Kh5 (37...
Kg5 38. Rg7+ Kh6 39. Rg3 $18 {[%csl Rh6]}) 38. Kh2 (38. g4+ Kg5 (38... Kh6 39.
f4 $18) (38... Kh4 39. Qh2+ Kg5 40. Rg7#) 39. Qc1+ Kg6 40. f4 Nxg4 41. Re6+ Kf7
42. Rxb6 $18) 38... Rg5 (38... Rg5 39. Rxh7+ Nxh7 40. Qxh7#) (38... Kh6 39. Re6
Nbd7 40. Qc8 Rh5+ 41. Kg1 Bd5 42. Qxd7 $18) 1-0

[Event "Lvov Cup of Galychina"]
[Site "Lvov"]
[Date "2001.12.27"]
[Round "10"]
[White "Kazakov, Mikhail"]
[Black "Efimenko, Zahar"]
[Result "1/2-1/2"]
[WhiteElo "2473"]
[BlackElo "2523"]
[Annotator "Huzman,A"]
[PlyCount "59"]
[EventDate "2001.12.18"]
[EventType "tourn"]
[EventRounds "11"]
[EventCountry "UKR"]
[EventCategory "11"]
[SourceTitle "CBM 087"]
[Source "ChessBase"]
[SourceDate "2002.03.21"]
[SourceVersion "1"]
[SourceVersionDate "2002.03.21"]
[SourceQuality "1"]

1. d4 d5 2. c4 dxc4 3. Nf3 Nf6 4. e3 e6 5. Bxc4 a6 6. O-O b5 7. Be2 Bb7 8. a4
b4 9. Nbd2 Nbd7 10. Nc4 Be7 11. Nfe5 (11. b3 O-O 12. Bb2 c5 13. Rc1 Bd5 14.
Nfe5 Nxe5 15. dxe5 Nd7 16. Qc2 Nb6 17. Rfd1 Qc7 18. Nd6 f5 19. a5 Nd7 20. Rxd5
exd5 21. Bf3 Rad8 22. Bxd5+ Kh8 23. Nf7+ Rxf7 24. Bxf7 Nxe5 25. Bxe5 Qxe5 26.
Rd1 $14 {1-0 Kovacevic,B-Zaja,I/Pula 1996/EXT 99 (33)}) 11... c5 (11... Nxe5
12. Nxe5 c5 13. Bf3 Qc7 14. Bd2 cxd4 15. exd4 Nd5 16. Rc1 Qd6 17. Bf4 Qd8 18.
Bg3 Rc8 19. Nd3 Rxc1 20. Qxc1 a5 21. Nc5 Ba8 22. Qc4 O-O 23. Qb5 Nc7 24. Qxa5
Bxf3 25. gxf3 Bxc5 26. dxc5 $16 {1-0 Romanishin,O-Sulava,N/Torino 1998/CBM 64
ext (41)}) 12. Bf3 Nxe5 $6 {Black reconciles himself with a worse endgame.} ({
In my opinion} 12... Qc7 $5 13. Nxd7 Nxd7 14. d5 exd5 15. Bxd5 Bxd5 16. Qxd5
Rd8 $132 {would have been a better attempt}) 13. dxe5 Qxd1 14. Rxd1 Bxf3 15.
gxf3 Nd7 16. e4 $16 f6 17. exf6 gxf6 18. Be3 Ra7 19. Nd6+ ({A preparatory move
} 19. Rac1 $5 {was even better}) 19... Bxd6 20. Rxd6 Ke7 21. Rc6 (21. Rad1 Rc8)
21... Ne5 22. Bxc5+ Kf7 23. Bxa7 $2 {Letting Black to exchange his passive
rook for a much more active White's one is a clear mistake.} (23. Rd6 $1 Rg8+ (
23... Rb7 24. Rxa6 (24. Rad1 Nxf3+ 25. Kg2 Ne5 (25... Ng5 26. Rd7+ Rxd7 27.
Rxd7+ Kg6 28. f3 $16) 26. Rxa6 Rc8 27. Bd6 $16) 24... Nxf3+ 25. Kg2 Nd2 26. Be3
Rg8+ 27. Kh3 Nxe4 28. Rc1 $16) 24. Kf1 Rc7 25. Bxb4 Nxf3 26. Ke2 $16) 23...
Nxc6 24. Rc1 Ne5 25. Rc7+ Kg6 26. Kg2 Nd3 $132 27. b3 Nf4+ 28. Kg3 Ne2+ 29. Kg2
(29. Kh4 Rd8 30. Rc6 Rd3 $132 31. Rxe6 Rxb3 32. Be3 a5 33. Ra6) 29... Nf4+ 30.
Kg3 1/2-1/2